| 000 | 00731nam a2200265Ia 4500 | ||
|---|---|---|---|
| 003 | OSt | ||
| 005 | 20220928121305.0 | ||
| 006 | a|||||r|||| 00| 0 | ||
| 007 | ta | ||
| 008 | 220927b |||||||| |||| 00| 0 eng d | ||
| 024 | _a30592 | ||
| 037 | _cTextual | ||
| 040 |
_aSDCL _cSDCL _beng |
||
| 041 |
_2eng _aeng |
||
| 082 | _aX9:51, P4 | ||
| 100 |
_aHill Richard M _9451656 |
||
| 245 | 0 | _aIndustrial marketing | |
| 250 | _a4 | ||
| 260 |
_aDelhi _bA I T B S Publishers & Distributors _c2004 |
||
| 300 |
_axii,703p _ccm. |
||
| 700 |
_a Alexander Ralph S _9451657 |
||
| 700 |
_a cross James S _9451658 |
||
| 942 |
_hX9:51, P4 _cTEXL _2CC |
||
| 999 |
_c765699 _d765699 |
||